| 000 | 00621nam a2200193 a 4500 | ||
|---|---|---|---|
| 005 | 20210223130438.0 | ||
| 008 | 080516s1987 mx r 000 0 spa d | ||
| 020 | _a0912704837 | ||
| 035 | _aUPN01000155932 | ||
| 049 | _aCG | ||
| 050 | 4 |
_aBF76.5 _bA4.3 1987 |
|
| 245 | 0 | 0 |
_aAmerican Psychological Association´s guide to research Support / _ced. Kenneth Lee Herring. |
| 250 | _a3rd ed. | ||
| 260 |
_aWashington, DC : _bAmerican Psychological Association, _c1987. |
||
| 300 | _axii, 276 p. | ||
| 650 | 4 |
_aPSICOLOGIA - _xINVESTIGACION - _zESTADOS UNIDOS _916995 |
|
| 700 | 1 |
_aHerring, Kenneth Lee, _eed. |
|
| 905 | _aLibro | ||
| 999 |
_c128046 _d128046 |
||